| 000 | 01542nam0a22002891 4500 | ||
|---|---|---|---|
| 001 | rc\2195068 | ||
| 005 | 20110829164459.0 | ||
| 035 | _a(NLR Aleph) 006510661 | ||
| 090 |
_a6326857 _c6326857 |
||
| 100 | _a20110829d1979 |||y0rusy50 ca | ||
| 101 | 0 | _arus | |
| 102 | _aRU | ||
| 105 | _aa c ||||| | ||
| 200 | 1 |
_aМетодические указания по контролю за вибрационным состоянием металлических напорных трубопроводов гидроэлектростанций _fПроизв. об-ние по наладке, совершенствованию технологии и эксплуатации электростанций и сетей "Союзтехэнерго" _g[Сост. А.М. Смирнов, К.А. Шрамков, А.С. Челознова] |
|
| 210 |
_aМосква _cСлужба передового опыта и информ. Союзтехэнерго _d1979 |
||
| 215 |
_a19 с. _cил. _d19 |
||
| 320 | _aБиблиогр. в конце кн. (8 назв.) | ||
| 606 |
_aГидроэлектрические станции _xТрубопроводы _xКолебания _2psbo |
||
| 702 | 1 |
_aШрамков _bК. А. _4220 |
|
| 702 | 1 |
_aЧелознова _bА. С. _4220 |
|
| 702 | 1 |
_aСмирнов _bА. М. _gАнатолий Михайлович _4220 |
|
| 712 | 0 | 2 |
_a"Союзтехэнерго", об-ние _3RU\NLR\AUTH\886871 |
| 801 | 0 |
_aRU _bNLR _gpsbo |
|
| 801 | 1 |
_aRU _bELAR _2rusmarc |
|
| 852 |
_aNLR _j80-4/4718 |
||
| 942 | _cBOOK | ||
| 980 | _aNB | ||